| 000 | 005050000a22002050004500 | ||
|---|---|---|---|
| 003 | LK-CoMWRAF | ||
| 005 | 20230908220413.0 | ||
| 008 | 230817t2004 ||||| |||| 00| 0 eng d | ||
| 020 | _a8182746302 | ||
| 040 |
_aLK-CoMWRAF _dLK-CoMWRAF _eLK-CoMWRAF |
||
| 041 | _aeng | ||
| 082 |
_a808.042 _bWOR |
||
| 100 | _aWorthy, Jack | ||
| 245 | _aBetter English | ||
| 260 |
_bPentagon Press _aNew Delhi (India) _c2004 |
||
| 300 | _ap.240 | ||
| 650 | _aGeneral Grammar | ||
| 650 | _aSpoken English | ||
| 942 | _cBK | ||
| 999 |
_c2165 _d2165 |
||